000 00853nam0a2200265 4500
001 RU\NLR\BIBL_A\012462996
005 20250624041750.0
035 _a(NLR Aleph) 012462996
090 _a13302942
_c13302942
100 _a20210301d1957 |||y0rusy50 ca
101 0 _aaze
102 _aAZ
105 _ac z 000 y
181 0 _ai
_baxxe
182 0 _an
200 1 _aМеһди Һүсеjнзадә һаггында
_f[тәрт. ед.: Әвәз Фәтәлиjев]
203 _aТекст
_bвизуальный
_cнепосредственный
210 _aБакы
_cУшагҝәнҹнәшр
_d1957
215 _a130,[2] c.,[1] л. портр.
_cил.
_d16
541 1 _aО Мехти Гусейнзаде
702 1 _aФәтәлиjев
_bӘ.
_gӘвәз
_4220
852 _aNLR
_bОНЛ
_jАзерб./2-9022
942 _cBOOK
980 _aNB